LEADER 00932nam 2200325 450 001 9910164076103321 005 20230803014830.0 010 $a1-78289-087-4 035 $a(CKB)3710000001057018 035 $a(MiAaPQ)EBC4808938 035 $a(EXLCZ)993710000001057018 100 $a20200108e20131923 uy 0 101 0 $aeng 135 $aurcnu|||||||| 181 $ctxt$2rdacontent 182 $cc$2rdamedia 183 $acr$2rdacarrier 200 10$aOut of my life$hVolume II /$fField-Marshal Paul von Hindenburg 210 1$a[Place of publication not identified] :$cPickle Partners Publishing,$d2013. 210 4$d©1923 215 $a1 online resource (136 pages) 676 $a943.085092 700 $aHindenburg$b Paul von$f1847-1934,$0178985 801 0$bMiAaPQ 801 1$bMiAaPQ 801 2$bMiAaPQ 906 $aBOOK 912 $a9910164076103321 996 $aOut of my life$93416074 997 $aUNINA LEADER 01101nam a2200253 i 4500 001 991003876779707536 008 020 $a9788861848382 035 $ab14401861-39ule_inst 040 $aDip.to di Storia, Societą e Studi sull'Uomo$bita 082 04$a327.17094 100 1 $aGuasconi, Maria Eleonora$0464510 245 10$aProve di politica estera :$bla cooperazione politica europea, l?Atto Unico Europeo e la fine della guerra fredda /$cMaria Eleonora Guasconi 260 $aMilano :$bMondadori Universitą,$c2020 300 $aVI, 239 p. ;$c21 cm 490 0 $aCollana di storia internazionale ;$v8 504 $aInclude bibliografia (p. 215-233) e indice 650 4$aPaesi della Comunitą economica europea$xRelazioni internazionali 907 $a.b14401861$b25-09-20$c24-08-20 912 $a991003876779707536 945 $aLE023 327.17 GUA 1 1$g1$i2023000185971$lle023$op$pE19.00$q-$rl$s- $t0$u1$v0$w1$x0$y.i15937264$z25-09-20 996 $aProve di politica estera$91769395 997 $aUNISALENTO 998 $ale023$b24-08-20$cm$da $e-$fita$git $h0$i0